Participantes de A Fazenda 11 - Statistics

Estatísticas Gerais
  • Esse quiz foi jogado 18 vezes
  • A pontuação média é 14 de 17
Estatísticas das Respostas
Colocação Participante % Correto
Diego Grossi
100%
Hariany Almeida
100%
Lucas Viana
100%
15º Arícia Silva
93%
11º Bifão
93%
Guilherme Leão
93%
13º Tati Dias
93%
Thayse Teixeira
87%
10º Andréa Nóbrega
80%
Netto DJ
80%
Vinícius Vieira
80%
12º Jorge Sousa
73%
Rodrigo Phavanello
73%
Sabrina Paiva
73%
16º Drika Marinho
67%
Expulso Phellipe Haagensen
67%
14º Túlio Maravilha
53%
Nenhum quiz correspondente encontrado
Distribuição das Pontuações
Porcentagem de Pessoas com Cada Pontuação
Percentil de Números Respondidos
Sua Pontuação Histórica
Você não jogou esse quiz